01527nam a2200337Ia 4500001001200000003000800012006001900020007001500039008004100054015001400095020001500109040002100124035002000145050002600165082001600191245013200207260004900339300002400388500015200412504005100564533015200615650004800767650003200815655002900847700002500876700002400901710001700925711010400942856012601046999001701172ebr10053004CaPaEBRm u cr cn|||||||||000104s2000 maua sb 101 0 eng d aGBA0-2225 z0792377222 aCaPaEBRcCaPaEBR a(OCoLC)7077186114aTK5103.2b.C57 2000eb04a621.38222100aCircuits and systems for wireless communicationsh[electronic resource] /cedited by Markus Helfenstein and George S. Moschytz. aBoston ;aLondon :bKluwer Academic,cc2000. axvi, 387 p. :bill. aContains revised contributions by the speakers at the 1st IEEE Workshop on Wireless Communication Circuits and Systems, Lucerne, Switzerland, 1998. aIncludes bibliographical references and index. aElectronic reproduction.bPalo Alto, Calif. :cebrary,d2009.nAvailable via World Wide Web.nAccess may be limited to ebrary affiliated libraries. 0aWireless communication systemsvCongresses. 0aRadio circuitsvCongresses. 7aElectronic books.2local1 aHelfenstein, Markus.1 aMoschytz, George S.2 aebrary, Inc.2 aIEEE Workshop on Wireless-Communication Circuits and Systemsn(1st :d1998 :cLucerne, Switzerland)40uhttp://site.ebrary.com/lib/rucke/Doc?id=10053004zAn electronic book accessible through the World Wide Web; click to view c65144d65144